000 00470nam a22001697a 4500
005 20250306094135.0
008 250306b |||||||| |||| 00| 0 eng d
020 _a9781789616194
082 _a005.8
_bOZK-C
100 _aOzkaya, Dr Erdal
245 _aCybersecurity :
_b The Beginner's Guide /
_cDr.Edral Ozkaya
260 _aUK:
_bElsevier;
_c2019.
300 _axiv, 506 p. :
_bill;
_c24 cm.
500 _ainclude index.
650 _aCyber Security
999 _c36879
_d36879